|
|
|
|
| LEADER |
00000cam a2200000 4500 |
| 001 |
vtls012270762 |
| 003 |
SK-MaSNL |
| 005 |
20260301022634.0 |
| 008 |
250206s2023 xo g 000 0 slo |
| 015 |
|
|
|a SNBA2025/04
|
| 020 |
|
|
|a 9788089606214
|q (brožované)
|
| 040 |
|
|
|a SNK
|b slo
|c SNK
|e rda
|
| 041 |
1 |
|
|a slo
|
| 044 |
|
|
|a xo
|c SK
|
| 072 |
|
7 |
|a 2-1
|x Prirodzená teológia. Náboženská filozofia
|2 konspekt
|
| 080 |
|
|
|a 2-184
|2 2011
|
| 080 |
|
|
|a 27-14:27-423.79
|2 2011
|
| 080 |
|
|
|a 2-584
|2 2011
|
| 080 |
|
|
|a 27-144.896
|2 2011
|
| 080 |
|
|
|a 27-184.85
|2 2011
|
| 080 |
|
|
|a (042.3)
|2 2011
|
| 080 |
|
|
|a 2-277.2
|2 2011
|
| 100 |
1 |
|
|a Vella, Elias,
|d 1941-2022
|4 aut
|9 117029
|
| 245 |
1 |
0 |
|a Dary a ovocie Ducha Svätého v našom živote
|c Elias Vella ; na základe prednášok konaných na Slovensku v roku 2002 zostavila a preložila Alžbeta Šuplatová
|
| 250 |
|
|
|a Prvé vydanie
|
| 264 |
|
1 |
|a Veľký Lapáš
|b Per Immaculatam
|c 2023
|
| 300 |
|
|
|a 246 strán
|c 20 cm
|
| 336 |
|
|
|a text
|b txt
|2 rdacontent
|
| 337 |
|
|
|a bez média
|b n
|2 rdamedia
|
| 338 |
|
|
|a zväzok
|b nc
|2 rdacarrier
|
| 500 |
|
|
|a Obsahuje biografické údaje o autorovi
|
| 500 |
|
|
|a Obsahuje poznámky pod čiarou
|
| 650 |
0 |
7 |
|a Boh a človek
|2 SNKPH
|9 1711
|
| 650 |
0 |
7 |
|a Božia láska
|2 SNKPH
|9 83540
|
| 650 |
0 |
7 |
|a duchovný život
|2 SNKPH
|9 1807
|
| 650 |
0 |
7 |
|a Duch svätý
|2 SNKPH
|9 1927
|
| 650 |
0 |
7 |
|a Relations between God and man
|2 SNKPHeng
|9 303193
|
| 650 |
0 |
7 |
|a God's love
|2 SNKPHeng
|9 304357
|
| 650 |
0 |
7 |
|a Spiritual life
|2 SNKPHeng
|9 265583
|
| 650 |
0 |
7 |
|a Holy Spirit
|2 SNKPHeng
|9 277816
|
| 650 |
0 |
7 |
|a duchovné dary
|2 SNKPH
|9 1939
|
| 650 |
0 |
7 |
|a Charisms
|2 SNKPHeng
|9 313648
|
| 650 |
0 |
7 |
|a biblické citáty
|2 SNKPH
|9 1914
|
| 650 |
0 |
7 |
|a Biblical quotations
|2 SNKPHeng
|9 268253
|
| 655 |
|
7 |
|a prednášky
|2 SNKPH
|9 70554
|
| 655 |
|
7 |
|a Lectures
|2 SNKPHeng
|9 294447
|
| 700 |
1 |
|
|a Šuplatová, Alžbeta
|4 trl
|4 com
|9 67735
|
| 700 |
1 |
|
|a Oros, Zuzana,
|d 1977-
|4 bjd
|4 bkd
|9 166763
|
| 852 |
|
|
|a Slovenská národná knižnica
|
| 919 |
|
|
|a 978-80-89606-21-4
|
| 954 |
|
|
|a duchovná literatúra cudzojazyčná (svetová)
|2 lita
|
| 958 |
|
|
|a NT
|
| 958 |
|
|
|a UP
|
| 999 |
|
|
|c 567713
|d 569643
|
| 952 |
|
|
|a SNK
|b SNK
|y PREZ
|7 0
|p 17A1565947
|o snkSD 93171
|i snk2025/4617
|8 0
|0 0
|1 0
|4 0
|d 2025-03-14
|l 0
|r 2026-02-23 14:03:38
|w 2026-02-23
|
| 952 |
|
|
|a SNK
|b SNK
|y VYP
|7 0
|p 17A1565948
|o snkSD 93171 D1
|i snk2025/4618
|8 0
|0 0
|1 0
|4 0
|d 2025-03-14
|l 0
|r 2026-02-23 14:03:38
|w 2026-02-23
|